Autobusy-Toruń - Statystyki

Ogólne statystyki
  • Ten quiz został rozwiązany 42 razy
  • Średni wynik to 5 z 12
Statystyki odpowiedzi
Hint Odpowiedź % Poprawnych
11 Koniuchy
67%
12 Rudak
63%
10 Szpital Bielany
60%
11 Czerniewice
57%
10 Szubińska
53%
12 Wrzosy I
50%
14 Okólna
37%
15 Rubinkowo P&R
37%
14 Cmentarz centralny
33%
15 Przy lesie
33%
13 Gliniecka
20%
13 Plac świętej Katarzyny
20%
Nie znaleziono quizów pasujących do podanych kryteriów
Rozkład punktacji
Procent ludzi z każdym wynikiem
Percentyl według liczby udzielonych odpowiedzi
Twoja historia wyników
Nie rozwiązałeś tego quizu